Catálogo público

La digestibilidad de los alimentos / (Record no. 166663)

MARC details
000 -CABECERA
campo de control de longitud fija 00747nam a2200265Ia 4500
001 - NÚMERO DE CONTROL
campo de control Z_3577
003 - IDENTIFICADOR DEL NÚMERO DE CONTROL
campo de control CHAP
005 - FECHA Y HORA DE LA ÚLTIMA TRANSACCIÓN
campo de control 20220920190202.0
008 - DATOS DE LONGITUD FIJA--INFORMACIÓN GENERAL
campo de control de longitud fija 220113s1977 xx 000 0 und d
010 ## - NÚMERO DE CONTROL DE LA BIBLIOTECA DEL CONGRESO
Número de control de LC 166663
040 ## - FUENTE DE LA CATALOGACIÓN
Centro/agencia transcriptor CHAP
090 ## - LOCALMENTE ASIGNADO TIPO-LC NÚMERO DE CLASIFICACIÓN (OCLC); NÚMERO DE CLASIFICACIÓN LOCAL (RLIN)
Número de clasificación (OCLC) (R) ; Numero de clasificación, CALL (RLIN) (NR) Folleto 423
100 ## - ENTRADA PRINCIPAL--NOMBRE DE PERSONA
Nombre de persona Orcasberro, Ruy
9 (RLIN) 83403
245 ## - MENCIÓN DE TÍTULO
Título La digestibilidad de los alimentos /
Mención de responsabilidad, etc. por Ruy Orcasberro
260 ## - PUBLICACIÓN, DISTRIBUCIÓN, ETC.
Lugar de publicación, distribución, etc. Chapingo, Méx. :
Nombre del editor, distribuidor, etc. UACH. Departamento de Zootecnia,
Fecha de publicación, distribución, etc. 1977
300 ## - DESCRIPCIÓN FÍSICA
Extensión 24 h.
500 ## - NOTA GENERAL
Nota general Trabajo elaborado para el curso de Nutrición animal II.
650 ## - PUNTO DE ACCESO ADICIONAL DE MATERIA--TÉRMINO DE MATERIA
Término de materia o nombre geográfico como elemento de entrada Ganado
Subdivisión general Alimentos y alimentación
9 (RLIN) 140725
650 ## - PUNTO DE ACCESO ADICIONAL DE MATERIA--TÉRMINO DE MATERIA
Término de materia o nombre geográfico como elemento de entrada Nutrición animal
901 ## - ELEMENTOS DE DATOS A LOCAL LDA (RLIN)
a FOLLETO 423
902 ## - ELEMENTOS DE DATOS B LOCAL, LDB (RLIN)
a M
910 ## - DATOS DE OPCIÓN DEL USUARIO (OCLC)
Datos de opción del usuario 1977
942 ## - ELEMENTOS DE PUNTO DE ACCESO ADICIONAL (KOHA)
Tipo de ítem Koha Folleto
Fuente del sistema de clasificación o colocación Clasificación Universidad Autónoma de Chapingo
942 ## - ELEMENTOS DE PUNTO DE ACCESO ADICIONAL (KOHA)
Tipo de ítem Koha Folleto
Fuente del sistema de clasificación o colocación Clasificación Universidad Autónoma de Chapingo
Holdings
Estado de retiro Estado de pérdida Estado dañado No para préstamo Localización permanente Ubicación/localización actual Ubicación en estantería Fecha de adquisición Información codificada de la localización en otra ubicación Total de préstamos Código de barras Fecha visto por última vez Número de copia Precio válido a partir de Tipo de ítem Koha Nota pública Fuente del sistema de clasificación o colocación Código de colección
        Zootecnia Zootecnia   09/11/2005 c14   z_0767 18/01/2022 1 18/01/2022 Folleto 3    
        Zootecnia Zootecnia   09/11/2005 c14   z_0768 18/01/2022 2 18/01/2022 Folleto 3    
        Zootecnia Zootecnia   09/11/2005 c14   z_0770 18/01/2022 4 18/01/2022 Folleto 3    
        Zootecnia Zootecnia   09/11/2005 c14   z_0771 18/01/2022 5 18/01/2022 Folleto 3    
        Zootecnia Zootecnia   09/11/2005     z_5266 18/01/2022 3 18/01/2022 Folleto   Clasificación Universidad Autónoma de Chapingo Folletos